|
|
|
|
| LEADER |
00000nam a2200000 a 4500 |
| 001 |
vtls010093385 |
| 003 |
SK-MaSNL |
| 005 |
20260301212900.0 |
| 008 |
251124s2008 xo dal d p 000 0 slo |
| 015 |
|
|
|a SNBA2010/05-02960
|
| 020 |
|
|
|a 9788080944186
|q (brož.)
|
| 035 |
|
|
|a 112E170E-222C-4D15-A179-FAFB244001DA
|
| 035 |
|
|
|a urn:nbn:sk:snk-amjwtu
|
| 035 |
|
|
|a urn:nbn:sk:snk-am0082hf
|
| 040 |
|
|
|a SNK
|b slo
|c SNK
|e AACR2
|
| 041 |
0 |
|
|a slo
|
| 044 |
|
|
|a xo
|c SK
|
| 072 |
|
7 |
|a 531
|x Všeobecná mechanika. Mechanika pevných a tuhých telies
|2 konspekt
|
| 072 |
|
7 |
|a 539
|x Fyzikálna stavba hmoty. Jadrová fyzika. Molekulová fyzika
|2 konspekt
|
| 080 |
|
|
|a 531/534
|2 2001
|
| 080 |
|
|
|a 539.19
|2 2001
|
| 080 |
|
|
|a (075.8)
|2 2001
|
| 100 |
1 |
|
|a Zelenický, Ľubomír,
|d 1955-
|4 aut
|9 199428
|
| 245 |
1 |
0 |
|a Mechanika a molekulová fyzika
|c Ľubomír Zelenický, Igor Štubňa, Aba Teleki
|
| 250 |
|
|
|a 1. vyd.
|
| 260 |
|
|
|a Nitra
|b Fakulta prírodných vied UKF
|c 2008
|
| 300 |
|
|
|a 203 s.
|b grafy, ilustr., sch., tab.
|c 29 cm
|
| 366 |
|
|
|e 440 výt.
|
| 490 |
1 |
|
|a Prírodovedec
|v č. 339
|
| 504 |
|
|
|a Bibliogr. s. 203
|
| 650 |
0 |
7 |
|a mechanika
|2 SNKPH
|9 706
|
| 650 |
0 |
7 |
|a molekulová fyzika
|2 SNKPH
|9 818
|
| 650 |
0 |
7 |
|a Mechanics
|2 SNKPHeng
|9 276183
|
| 650 |
0 |
7 |
|a Molecular physics
|2 SNKPHeng
|9 307677
|
| 655 |
|
7 |
|a učebnice vysokých škôl
|2 SNKPH
|9 70191
|
| 655 |
|
7 |
|a Textbooks (higher)
|2 SNKPHeng
|9 276436
|
| 700 |
1 |
|
|a Štubňa, Igor,
|d 1941-
|4 aut
|9 28217
|
| 700 |
1 |
|
|a Teleki, Aba
|4 aut
|9 28216
|
| 810 |
2 |
|
|a Univerzita Konštantína Filozofa v Nitre.
|b Fakulta prírodných vied
|
| 919 |
|
|
|a 978-80-8094-418-6
|
| 958 |
|
|
|a NB
|
| 968 |
|
|
|d 53+54
|
| 999 |
|
|
|c 919539
|d 921469
|
| 952 |
|
|
|a SNK
|b SNK
|y PREZ
|7 0
|p 17A0658647
|o snkSB 79467
|i snk2010/9855
|8 0
|0 0
|1 0
|4 0
|d 2010-05-10
|f 1
|l 0
|r 2025-04-30 00:00:00
|w 2026-02-24
|
| 952 |
|
|
|a SNK
|b SNK
|y VYP
|7 0
|p 17A0658648
|o snkSB 79467 D1
|i snk2010/9856
|8 0
|0 0
|1 0
|4 0
|d 2010-05-10
|l 0
|r 2016-06-30 00:00:00
|w 2026-02-24
|